Programa para computadora para la simulación del comportamiento del sistema de tuberias y de la productividad de vapor de un campo geotérmico aplicado al Proyecto Geotérmico Miravalles.
Sábháilte in:
| Príomhchruthaitheoir: | |
|---|---|
| Rannpháirtithe: | |
| Formáid: | LEABHAR |
| Foilsithe / Cruthaithe: |
[San José , Costa Rica]
1994
|
| Ábhair: | |
| Clibeanna: |
Cuir clib leis
Níl clibeanna ann, Bí ar an gcéad duine le clib a chur leis an taifead seo!
|
MARC
| LEADER | 00000nam a2200000Ia 4500 | ||
|---|---|---|---|
| 003 | 007699 | ||
| 005 | 20221231144253.0 | ||
| 008 | 140114s1994 cr a m 000 ||s d | ||
| 040 | |c cru CEDI | ||
| 090 | |a TFG 3298 | ||
| 100 | |a Alvarado Vargas, Randall |9 10695 | ||
| 245 | |a Programa para computadora para la simulación del comportamiento del sistema de tuberias y de la productividad de vapor de un campo geotérmico aplicado al Proyecto Geotérmico Miravalles. | ||
| 260 | |c 1994 |a [San José , Costa Rica] | ||
| 300 | |a xvii, 221 hojas : ilustraciones. | ||
| 500 | |a Tesis (licenciatura en ingenieria mecanica)--Universidad de Costa Rica. Facultad de Ingeniería. Escuela de Ingenieria Mecanica | ||
| 650 | |x CAMPO GEOTERMICO MIRAVALLES (COSTA RICA) |9 10697 | ||
| 700 | |9 10696 |a Murillo Paz, Sergio | ||
| 942 | |c TFG | ||
| 999 | |c 19378 |d 19378 | ||
